000
00209 a2200097 4500
001
45477
100
_a
Neese W
245
_a
Aircraft hydraulic systems
260
_a
London
_b
Pitman
_c
090
_c
28639
_d
28639
942
_a
NUST-CAE
_c
M
_c
20712
999
_c
280550
_d
280550